Children who don't want to live : understanding and treating the suicidal child /

Bibliographic Details
Main Author: Or-Bach, Israel, 1943-
Format: Book
Language:English
Hebrew
Published: San Francisco, Calif. : Jossey-Bass, 1988.
Edition:1st ed.
Series:Jossey-Bass social and behavioral science series.
Subjects:

MARC

Tag First Indicator Second Indicator Subfields
LEADER 00000cam a2200000 a 4500
001 in00000030109
005 20151007060205.0
008 880119s1988 caua b 00110 eng
010 |a  87046338  
020 |a 1555420761 (alk. paper) 
035 |a (OCoLC)17442400 
035 |9 AAC0257AM 
040 |a DLC  |c DLC  |d TXA  |d UtOrBLW 
041 1 |a eng  |a heb 
049 |a TXAM  |c [A11089983] 
050 0 0 |a RJ506.S9  |b O73 1988 
082 0 |a 618.92/858445  |2 19 
100 1 |a Or-Bach, Israel,  |d 1943- 
245 1 0 |a Children who don't want to live :  |b understanding and treating the suicidal child /  |c Israel Orbach. 
250 |a 1st ed. 
264 1 |a San Francisco, Calif. :  |b Jossey-Bass,  |c 1988. 
300 |a xv, 267 pages :  |b illustrations ;  |c 24 cm. 
336 |a text  |b txt  |2 rdacontent 
337 |a unmediated  |b n  |2 rdamedia 
338 |a volume  |b nc  |2 rdacarrier 
490 1 |a The Jossey-Bass social and behavioral science series 
504 |a Bibliography: pages 247-258. 
500 |a Includes index. 
650 0 |a Children  |x Suicidal behavior. 
650 0 |a Child psychotherapy. 
830 0 |a Jossey-Bass social and behavioral science series. 
999 |a MARS 
999 f f |s 5c3e5b5e-f195-31c4-9607-2ee59477bf9e  |i 5456f1a3-d111-38f9-a284-08440df46de5  |t 0 
952 f f |p ric  |a Texas A&M University  |b Rellis Campus  |c Joint Library Facility  |d Remote Storage  |t 0  |e RJ506.S9 O73 1988  |h Library of Congress classification  |i unmediated -- volume  |m A14811089983 
998 f f |a RJ506.S9 O73 1988  |t 0  |l Remote Storage